01073cam a22002771 4500001001300000003000400013005001700017008004100034010001700075035002000092040004900112042001200161050003100173100005500204245007500259260005000334300003100384490008000415500005600495500005500551504003200606650002500638650002800663810008700691999001700778gs 22000307 DLC20260227111326.0900102s1922 ii f b 000 0 eng c ags 22000307  a(OCoLC)20838238 aLibrary, U.S. Geological SurveycCUdCUdDLC apremarc00aQE756.I4bA4 vol. 6, no. 21 aReed, F. R. C.q(Frederick Richard Cowper),d1869-10aDevonian fossils from Chitral and the Pamirs,cby F.R. Cowper Reed ... aCalcutta,bGeological Survey of India,c1922. av, 134 p.bXVI pl.c35 cm.1 aIndia. Geological Survey. Palaeontologia Indica,vn.s., v. VI, memoir no. 2 aAt head of title: Memoirs of the Geological Survey. aEach plate accompanied by descriptive letterpress. aBibliographical foot-notes. 0aPaleontologyzIndia. 0aPaleontologyyDevonian.2 aGeological Survey of India.tPalaeontologia Indica ;vn.s., vol. VI, memoir no. 2. c26186d26186